Statistics for Kansas City Chiefs Trivia

Click here to take the quiz!

General Stats

  • This quiz has been taken 2,551 times
    (511 since last reset)
  • The average score is 11 of 16

Answer Stats

QuestionAnswer% Correct
Current starting quarterback of the ChiefsPatrick Mahomes
100%
Current head coachAndy Reid
97%
Stadium which the Chiefs play inArrowhead Stadium
94%
Tight end who is the Chiefs' all-time leading receiverTravis Kelce
91%
International pop star who is dating the aboveTaylor Swift
90%
Former Chiefs receiver nicknamed "Cheetah"Tyreek Hill
82%
Guinness World Record held by that stadium{Loudest} Crowd
79%
Chiefs' starting quarterback from 2013–2017Alex Smith
77%
Tight end from 1997–2008Tony Gonzalez
72%
Defensive end, elected to the Hall of Fame in 2009, with the initials DTDerrick Thomas
57%
The Chiefs' all-time rushing leader who played from 2008–2016Jamaal Charles
55%
Former Chiefs owner who is the namesake of the trophy given to the winner of the
AFC Championship Game
Lamar Hunt
55%
Nickname of former running back Christian OkoyeThe Nigerian {Nightmare}
51%
Quarterback who led the Chiefs to victory in Super Bowl IVLen Dawson
50%
Player who rushed for 27 touchdowns in 2003Priest Holmes
43%
Coach of that teamHank Stram
31%

Score Distribution

Percentile by Number Answered

Percent of People with Each Score

Your Score History

You have not taken this quiz since the last reset